The work of oscar wild

Bibliographic Details
Format: Book

MARC

LEADER 00000cam a2200000 7i4500
001 0000008482
002 000009243
005 20000330.0
020 |a 0861366530 
090 0 0 |a F   |b WOR 
245 1 0 |a The work of oscar wild 
999 |a 0002178   |b BUKU   |c PINJAMAN   |e PERPUSTAKAAN KOMUNITI PETALING JAYA